Một số biện pháp nhằm nâng cao hiệu quả dạy học các yếu tố hình học ở lớp 1, 2
Tìm hiểu một số vấn đề chung về đặc điểm tâm lí của học sinh Tiểu học đặc biệt là học sinh lớp 1, 2. Tìm hiểu nội dung kiến thức Toán ở Tiểu học và mảng kiến thức về “yếu tố hình học” lớp 1, 2. Tìm hiểu thực trạng dạy các yếu tố hình học ở lớp 1, 2, tìm ra nguyên nhân dẫn đến thực trạng đó. Xây dựng...
Sparad:
| Huvudupphovsman: | |
|---|---|
| Övriga upphovsmän: | |
| Materialtyp: | Bok |
| Publicerad: |
Đà Nẵng
Đại học Sư phạm, Đại học Đà Nẵng
2013
|
| Ämnen: | |
| Taggar: |
Lägg till en tagg
Inga taggar, Lägg till första taggen!
|
| Thư viện lưu trữ: | Mạng thư viện Đại học Đà Nẵng |
|---|
| LEADER | 02230nam a2200385 4500 | ||
|---|---|---|---|
| 001 | 000018370 | ||
| 003 | 14801 | ||
| 005 | 20131112151124.0 | ||
| 008 | 131022s2013 sd | ||
| 082 | 1 | 4 | |a 372.7 |b TR-Q |
| 100 | 1 | |a Trần Thị Như Quỳnh | |
| 245 | 1 | 7 | |a Một số biện pháp nhằm nâng cao hiệu quả dạy học các yếu tố hình học ở lớp 1, 2 |c Trần Thị Như Quỳnh ; Mã Thanh Thủy hướng dẫn |k Khóa luận tốt nghiệp |
| 260 | |a Đà Nẵng |b Đại học Sư phạm, Đại học Đà Nẵng |c 2013 | ||
| 300 | |a 56 tr., phụ lục 18 tr. |b Hình mh. |c 29 cm. |e Bản tóm tắt | ||
| 500 | |a Khóa luận tốt nghiệp đại học. Chuyên ngành: Sư phạm Tiểu học | ||
| 504 | |a Mục lục đầu trang, tài liệu tham khảo tr. 73 - 74, phụ lục [13 tr.] | ||
| 520 | |a Tìm hiểu một số vấn đề chung về đặc điểm tâm lí của học sinh Tiểu học đặc biệt là học sinh lớp 1, 2. Tìm hiểu nội dung kiến thức Toán ở Tiểu học và mảng kiến thức về “yếu tố hình học” lớp 1, 2. Tìm hiểu thực trạng dạy các yếu tố hình học ở lớp 1, 2, tìm ra nguyên nhân dẫn đến thực trạng đó. Xây dựng một số biện pháp cụ thể nhằm nâng cao hiệu quả dạy học các yếu tố hình học lớp 1,2. | ||
| 600 | 1 | 4 | |b Vua |c Đinh Tiên Hoàng |
| 650 | 0 | 4 | |a Giáo dục tiểu học |v Khóa luận tốt nghiệp |x Toán |
| 650 | 0 | 4 | |a Hình học |v Khóa luận tốt nghiệp |x Dạy và học |
| 653 | |a Toán lớp 1,2 | ||
| 653 | |a Khoa Tiểu học - Mầm non | ||
| 653 | |a Hình học | ||
| 653 | |a Phương pháp dạy học | ||
| 700 | 1 | |a Mã Thanh Thủy |e Hướng dẫn | |
| OWN | |a LSP | ||
| AVA | |a UDN50 |b LSP |d 372.7 TR-Q |e available |t Error 5001 Not defined in file expand_doc_bib_avail. |f 1 |g 0 |h N |i 0 |k 1 | ||
| 999 | |a From the UDN01 | ||
| AVA | |a UDN50 |b LSP |d 372.7 TR-Q |e available |t Error 5001 Not defined in file expand_doc_bib_avail. |f 1 |g 0 |h N |i 0 |k 1 | ||
| TYP | |a Monograph | ||
| TYP | |a Printed language | ||
| 980 | |a Mạng thư viện Đại học Đà Nẵng | ||